000 01829cam a22004934i 4500
003 PE-LiUPU
005 20250731173429.0
008 150706s r 000 0 d
020 _a9780829739084
035 _a(Sirsi) i9780829739084
040 _aPE-LiUPU
_bspa
_cPE-LiUPU
_erda
049 _aPRUA
082 0 4 _a259.2
_bJ9
_221
245 0 1 _aJuegos para refrescar tu ministerio /
_cTraducido por María Ana Gallardo.
264 1 _aMiami :
_bVida,
_c2004.
300 _a120 páginas :
_bilustraciones ;
_c28 cm.
336 _atext
_2rdacontent
337 _aunmediated
_2rdamedia
338 _avolume
_2rdacarrier
490 0 _aBiblioteca de Ideas de Especialidades Juveniles
505 0 _aJuegos con globos -- Juegos de baloncesto -- Juegos bajo techo para grupos grandes.-Juegos bajo techo para grupos pequeños -- Juegos para espacios pequeños -- Variaciones del tenis de mesa (ping-ping) -- Juegos voleibol.
526 _aSEG42
526 _aSEG41
526 _aSEG40
526 _aSEG39
526 _aP94
526 _aP87
526 _aP86
526 _aP85
526 _aP77
526 _aP76
526 _aP35
541 _g001-0000623;
650 0 4 _aTrabajo de iglesia con jóvenes.
650 0 4 _aJuegos de grupo.
650 0 4 _aJuegos de interior.
700 1 _aGallardo, María Ana,
_etr.
910 _cng
_d20130424
942 _2ddc
_cBOOK
949 _a259.2 J9
_wDEWEY
_c1
_i67055
_lCCODEBUL1
_mBUL
_p14.00
_r0
_sY
_tBOOK
_u2015-7-6
_xTEOLOGIA
_PP35
_o.STAFF. Colección General
994 _aC0
_bPEPRU
596 _a1
999 _a259.2 J9
_wDEWEY
_c54762
_i67055
_f2021-11-10
_g5
_lCCODEBUL1
_mBUL
_p14.00
_r0
_sY
_tBOOK
_u2015-7-6
_xTEOLOGIA
_PP35
_0COMPRA
_o.STAFF. Colección General
_d54762
980 _81
_gALBERTO SANCHEZ Responsable de Automatización